000
00314nam a2200097Ia 4500
001
787974
005
20250826170350.0
008
250824s9999 xx 000 0 und d
245
0
_a
KÜÇÜK İYİLİK FİKİRLERİ
_c
SELİN ALEMDAR-AHMET ŞERİF İZGÖREN-RABİA KAYA-GÖKHAN OKÇU-MURAT ÜKE
260
_b
ELMA YAYINLARI
999
_c
787974
_d
787974